00258nam a22000977a 4500008004100000082001700041100002400058245004900082260002100131300000800152230629b xxu||||| |||| 00| 0 eng d a333.736bODU cSimon Mumuli Oduori aLand-use in Elgeyo (Keiyo) Marakwet District aKenyabGOKc1991 a34[